00405nam a2200145Ia 4500100002600000942000700026654001400033245003400047260002100081082001000102300000800112546001200120999001700132952011000149 aSpivakovsky/Dyachkov  cBK aConveyors aConveyors & Related Equipment bPeace publishers a621.8 a444 aENGLISH c28530d28530 001040708AFTaCRCEbCRCEd2023-03-17g5.50i3423l0o621.8 pAFT1044r2023-03-17v5.50w2023-03-17yBK